MARC details
| 000 -BAŞLIK |
| Sabit Uzunlukta Kontrol Alanı |
01304na a2200277 4500 |
| 001 - KONTROL NUMARASI |
| Denetim Alanı |
24520 |
| 003 - KONTROL NUMARASI IDENTIFIER |
| Denetim Alanı |
MIRAKIL |
| 005 - SON İŞLEM TARİHİ VE ZAMANI |
| Denetim Alanı |
20181226104234.0 |
| 008 - SABİT-BOY VERİ ELEMANLARI - GENEL BİLGİLER |
| Sabit Uzunlukta Kontrol Alanı |
181127b tu 000 0 |
| 041 ## - DİL KODU |
| Metin / Ses Parça Veya Ayrı Başlığın Dil Kodu |
tur |
| 082 ## - DEWEY ONLU SINIFLANDIRMA NUMARASI |
| Sınıflandırma Numarası |
352 |
| Ürün Numarası |
C3699t 2013 |
| 090 ## - SINIFLAMA NUMARASI |
| Sınıflama Numarası |
352 C3699t 2013 |
| 110 ## - ANA GİRİŞ - KURUMSAL ADI |
| Giriş Elemanı Olarak Kurumsal Ad Veya Yargı Alanı Adı |
Cumhuriyet Halk Partisi (CHP) |
| Alt Birim |
Yerel Yönetim Birimi |
| 245 ## - BAŞLIK TABLOSU |
| Başlık |
Türkiye'de muhtarlık sistemi |
| Başlığın Kalan |
muhtarlar ve katılımcı demokrasi |
| Sorumluluk Tablosu, Vb |
CHP Genel Merkezi Yerel Yönetimler Birimi |
| 246 ## - UNVAN FORM VARYING |
| Başlık Doğru / Kısa Başlığı |
Muhtarlar ve katılımcı demokrasi |
| 260 ## - YAYIN, DAĞITIM, VB |
| Yayın, Dağıtım, Vb Yeri |
Ankara |
| Yayıncı, Dağıtıcı, Vs Adı |
CHP Yerel Yönetim Birimi |
| Yayın, Dağıtım, Vb Tarihi |
Şubat 2013 |
| 300 ## - FİZİKSEL TANIM |
| Kapsam |
14 s |
| Diğer Fiziksel Ayrıntıları |
rnk. res. |
| Boyutlar |
22 sm. |
| 440 ## - SERİSİ TABLOSU / KATMA GİRİŞİ - BAŞLIK |
| Başlık |
CHP Yerel Yönetimler yayınları |
| Bir İşin Parçası / Bölümün İsmi |
Raporlar |
| 505 ## - BİÇİMLENDİRİLDİ İÇİNDEKİLER NOT |
| Biçimlendirilmiş İçeriği Dikkat |
Muhtar kimdir? - Mahalle nedir? - Mahalle yönetiminin tarihçesi ve gelenekselden moderne mahalle yönetimi - Mahalle yönetiminin hukuki durumu - Mahalle yönetiminin organları - Muhtarların görevleri - Muhtarların özlük haklar -- Mahalle yönetiminin temel sorunları - CHP'nin muhtarlık sitemine bakışı |
| 610 ## - KONU KATMA GİRİŞ - TOPLANTI ADI |
| Giriş Elemanı Olarak Kurumsal Ad Veya Yargı Alanı Adı |
Cumhuriyet Halk Partisi (CHP) |
| Genel Alt Bölüm |
Muhtarlar ve muhtarlıklar |
| 650 ## - KONU KATMA GİRİŞ - TOPİKAL DÖNEM |
| Topikal Süreli Veya Coğrafi Ad Giriş Elemanı |
Yerel yönetim |
| Genel Alt Bölümü |
Mahalle yönetimi |
| Coğrafi Alt Bölümü |
Türkiye |
| 650 ## - KONU KATMA GİRİŞ - TOPİKAL DÖNEM |
| Topikal Süreli Veya Coğrafi Ad Giriş Elemanı |
Yerel yönetimler |
| Genel Alt Bölümü |
Muhtarlar ve muhtarlıklar |
| Coğrafi Alt Bölümü |
Türkiye |
| 830 ## - SERİSİ EKLENDİ GİRİŞ - ÜNİFORM ADI |
| Üniforma Başlık |
CHP raporları |
| 942 ## - EKLENDİ GİRİŞ ELEMANLARI (KOHA) |
| Sınıflandırma Veya Raf Düzeni Kaynak |
Dewey Decimal Classification |
| Koha Öğesi Türü |
Books |
| 040 ## - KATALOGLAMA KAYNAK |
| Orijinal Kataloglama Ajansı |
Milas |
| Kataloglama Dili |
tur |
| Metne Dönüştürmek Ajansı |
TR-AnCHP |
| 999 ## - SİSTEM KONTROL NUMARALARI (KOHA) |
| Koha Biblionumber |
11782 |
| Koha Biblioitemnumber |
11782 |